000 00653nam a2200217Ia 4500
005 20250923145146.0
008 008 250917s9999 xx 000 0 eng d
037 _aTextual
040 _aDSWL
_beng
_cDSWL
041 _aeng
_2eng
084 _aY:8133oaX9V.7376, N54
_qDSWL
100 _aMeyrson, Martin
_9832373
245 0 _aPolitics, Planning & the Public Interest
_cby Martin Meyrson
260 _aNew York
_b Free Press
_c1955
300 _axviiii,87p.
365 _aUSD
_b2.95
700 _aEdward Banfeild
_9832374
925 _g2.95
942 _cTEXL
_hY:8133oaX9V.7376, N54
999 _c1447877
_d1447877